Walking in Memphis - Lyrics - Statistics

General Stats
  • This quiz has been taken 194 times
    192 since last reset
  • The average score is 26 of 32
Answer Stats
Answer % Correct
Then I'm walking in {Memphis}
99%
In the middle of the pouring {rain}
98%
{Walking} in Memphis
98%
Yeah, I got a first class {ticket}
96%
But do I really feel the way I {feel}?
95%
I was walking with my {feet} ten feet off of Beale
93%
Then I watched him walk {right} through
91%
Followed him up to the {gates} of Graceland
86%
Touched down in the {land} of the Delta Blues
86%
And I said, "Ma'am, I am {tonight}!"
85%
She said, "Tell me are you a {Christian}, child?"
85%
And they {asked} me if I would
84%
Put on my blue {suede} shoes and
84%
When you haven't {got} a prayer
84%
And they brought me down to {see} her
83%
But I'm as {blue} as a boy can be
83%
Waiting for the {King}
82%
But there's a {pretty} little thing
81%
I {boarded} the plane
81%
But boy you got a {prayer} in Memphis
80%
Won't you look {down} over me
79%
And she's down in the {jungle} room
78%
Now, Muriel plays {piano}
78%
Now, {security} did not see him
76%
And I {sang} with all my might
74%
Do a little {number}
72%
I saw the ghost of Elvis on {Union} Avenue
68%
Now, they've got {catfish} on the table
68%
They just hovered round his {tomb}
67%
They've got {gospel} in the air
66%
Every {Friday} at the Hollywood
62%
And {Reverend} Green, be glad to see you
58%
No matching quizzes found
Score Distribution
Percent of People with Each Score
Percentile by Number Answered
Your Score History
You have not taken this quiz since the last reset